LEADER 00927nam0-2200325---450- 001 990009908430403321 005 20141022092551.0 010 $a978-88-498-3632-5 035 $a000990843 035 $aFED01000990843 035 $a(Aleph)000990843FED01 035 $a000990843 100 $a20141022d2012----km-y0itay50------ba 101 0 $aita 102 $aIT 105 $ay-------001yy 200 1 $a<>cittą nella scienza politica Americana$fFrancesca Gelli 210 $aSoveria Mannelli$cRubettino$d2012 215 $a161 p.$d23 cm 225 1 $aUniversitą 610 0 $aGoverno locale$aStati Uniti d'America 676 $a320.850973$v22$zita 700 1$aGelli,$bFrancesca$0523939 801 0$aIT$bUNINA$gREICAT$2UNIMARC 901 $aBK 912 $a990009908430403321 952 $aII F 458$b52090$fFSPBC 959 $aFSPBC 996 $aCittą nella scienza politica Americana$9831568 997 $aUNINA LEADER 01010nam 2200373 450 001 9910511612103321 005 20200322082539.0 010 $a1-4597-4671-6 035 $a(CKB)4100000010159996 035 $a(MiAaPQ)EBC6033716 035 $a(EXLCZ)994100000010159996 100 $a20200322d2020 uy 0 101 0 $aeng 135 $aurcnu|||||||| 181 $ctxt$2rdacontent 182 $cc$2rdamedia 183 $acr$2rdacarrier 200 14$aThe age of fentanyl $eending the opioid epidemic /$fBrodie Ramin 210 1$aToronto, Ontario :$cDundurn,$d[2020] 210 4$d©2020 215 $a1 online resource (236 pages) 311 $a1-4597-4670-8 606 $aOpioid abuse 608 $aElectronic books. 615 0$aOpioid abuse. 676 $a362.293 700 $aRamin$b Brodie$f1982-$01066471 801 0$bMiAaPQ 801 1$bMiAaPQ 801 2$bMiAaPQ 906 $aBOOK 912 $a9910511612103321 996 $aThe age of fentanyl$92549257 997 $aUNINA